000 00276nam a22001337a 4500
008 170630b xxu||||| |||| 00| 0 eng d
020 _a9780844259079
041 _aeng
080 _a82
100 _a22
101 _aGJL
245 _aFICTION
_cGORDON.J.B
942 _2udc
_cBK
999 _c19732
_d19732